UM Logo

Walking on tightrope : (Record no. 23140)

MARC details
000 -LEADER
fixed length control field 00774nam a22001457a 4500
005 - DATE AND TIME OF LATEST TRANSACTION
control field 20250217172244.0
008 - FIXED-LENGTH DATA ELEMENTS--GENERAL INFORMATION
fixed length control field 241111b |||||||| |||| 00| 0 eng d
100 ## - MAIN ENTRY--PERSONAL NAME
Personal name Berse, Kristoffer B.
Relator term author.
9 (RLIN) 63898
245 ## - TITLE STATEMENT
Title Walking on tightrope :
Remainder of title the challenging role of science advice in managing the covid-19 pandemic in the Philippines /
Statement of responsibility, etc. Kristoffer B. Berse.
260 ## - PUBLICATION, DISTRIBUTION, ETC. (IMPRINT)
Place of publication, distribution, etc. Philippines ;
Name of publisher, distributor, etc. Philippine Society for Public Administration and the Association of schools of Public Administration in the Philippines, Inc.,
Date of publication, distribution, etc. July-December 2020.
300 ## - PHYSICAL DESCRIPTION
Extent volume 64, pages 163-167,
Other physical details illustration.
500 ## - GENERAL NOTE
General note Philippine Journal of Public Administration, v. 64 n. 2, pages 163-167, July-December 2020.
700 ## - ADDED ENTRY--PERSONAL NAME
Personal name Berse, Kristoffer B.
Relator term author.
9 (RLIN) 63898
942 ## - ADDED ENTRY ELEMENTS (KOHA)
Source of classification or shelving scheme Dewey Decimal Classification
Koha item type Periodicals
Holdings
Withdrawn status Lost status Source of classification or shelving scheme Damaged status Not for loan Collection code Home library Current library Date acquired Total Checkouts Date last seen Price effective from Koha item type Public note
    Dewey Decimal Classification     Periodicals UM Digos College - LIC UM Digos College - LIC 11/11/2024   11/11/2024 11/11/2024 Periodicals Periodical Article